000
00289nam a2200097Ia 4500
082
_a
297.57092 HASA
245
0
_a
Red, white, and Muslim : my story of belief
100
_a
HASAN, Asma Gull New York, NY, [c.2009]
_9
76487
942
_c
BK
008
210817s9999 xx 000 0 und d
999
_c
254778
_d
254777